Standard data for turret lathes and hand screw machines.

Bibliographic Details
Corporate Author: Cyrol (E.A.) & Co
Format: Book
Language:English
Published: Lake Mills, Wis. : Management Series Pub. Co., 1952.
Subjects:

MARC

Tag First Indicator Second Indicator Subfields
LEADER 00000cam a2200000 4500
001 in00000046728
005 20151007075353.0
008 800613s1952 wiua 00000 eng d
035 |a (OCoLC)06418003 
035 |9 AAF3095AM 
040 |a TXA  |c TXA  |d UtOrBLW 
049 |a TXAM  |c 1 [244996]  |c 2 [242861] 
090 |a HF5686.S4  |b C97 1952 
092 |a 621.94  |b C997s 
110 0 |a Cyrol (E.A.) & Co. 
245 1 0 |a Standard data for turret lathes and hand screw machines. 
264 1 |a Lake Mills, Wis. :  |b Management Series Pub. Co.,  |c 1952. 
300 |a 113 pages :  |b illustrations 
336 |a text  |b txt  |2 rdacontent 
337 |a unmediated  |b n  |2 rdamedia 
338 |a volume  |b nc  |2 rdacarrier 
650 0 |a Screw machine products industry. 
650 0 |a Lathes. 
650 0 |a Motion study. 
999 |a MARS 
999 f f |s e6869399-467b-3f87-886d-8af16f0f79c9  |i 17e350d8-109b-3f44-b0ca-973d68232aa4  |t 0 
952 f f |p ric  |a Texas A&M University  |b Rellis Campus  |c Joint Library Facility  |s JLF  |d Remote Storage  |t 0  |e HF5686.S4 C97 1952  |h Library of Congress classification  |i unmediated -- volume  |m A14801043676 
998 f f |a HF5686.S4 C97 1952  |t 0  |l Remote Storage